000 00287nam a22001217a 4500
082 _a388.09439
_bHOO
_cD
100 _aHook Walter
_938505
245 _aWheels out of blance
260 _aNew York
300 _avi, 93p.:
526 _a0
_b0
_c0
_d388_094390000000000_HOO
942 _2ddc
_cBK
999 _c543117
_d543117